| 000 | 01108nam a2200229Ii 4500 | ||
|---|---|---|---|
| 003 | JO-AjNU | ||
| 008 | 230605s9999||||xx |||||||||||||| ||und|| | ||
| 017 | _a2021/2/799 | ||
| 020 | _a978-9957-94-654-8 | ||
| 040 |
_aJO-AjNU _bara _erda _cJO-AjNU |
||
| 041 | _aara | ||
| 050 | 1 | 4 | _aDS154.55 2021 |
| 100 | 3 |
_aالطراونة، عبدالرحمن عبدالله, _eauthor _963775 |
|
| 245 | 0 | 0 | _aالبلديات في الاردن في اواخر العهد العثماني وعهد الامارة: (بلدية الكرك نموذجا) |
| 250 | _aالطبعة الاولى | ||
| 264 | 3 | 1 | _aعمان: وزارة الثقافة، 2021 |
| 300 |
_a247ص _bيحتوي على مراجع وفهرس من ص213-247ص/ اصدارات مئوية الدولة الاردنية 2021 |
||
| 336 |
_atext _btxt _2rdacontent |
||
| 337 |
_aunmediated _bn _2rdamedia |
||
| 338 |
_avolume _bnc _2rdacarrier |
||
| 650 | 4 |
_aالبلديات-الحكم العثماني للاردن-عهد الامير عبدالله-الموقع الجغرافي-الاوضاع الاجتماعية والاقتصادية-الكرك _963776 |
|
| 999 |
_aA28946 _c32514 _d32514 |
||